Asian American Policy Review

Detalles Bibliográficos
Formato: Revista
Lenguaje:inglés
Publicado: Cambridge, Mass. : Harvard Journal of African American Public Policy, 1992-
Materias:
Acceso en línea:http://www.vlex.com/source/7158

MARC

LEADER 00000nas a22000007a 4500
005 20130312191347.0
007 cr|||| ||||
008 130312c19929999xxuar|p s|||| 0|||a1eng d
022 |a 10621830  
035 |a 7158 
040 |a vLex 
090 |c 3910  |d 3910 
245 0 0 |a Asian American Policy Review  |h [Recurso electrn̤ico]  
256 |a Servicio en ln̕ea 
260 |a Cambridge, Mass. :  |b Harvard Journal of African American Public Policy,  |c 1992- 
300 |a 1 Recurso electrn̤ico 
506 |d vLex Global  |d vLex Global (Academic Edition, excluding Law Schools)  |d vLex Global (U.S. Academic Edition, Law Schools)  |d vLex Global (U.S. Academic Edition, excluding Law Schools)  |d vLex Global (Academic Edition, Law Schools) 
650 0 4 |a Derecho internacional  |v Revistas 
740 |a vLex Revistas (Servicio en ln̕ea) 
856 |a Acceso restringido  |u http://www.vlex.com/source/7158 
942 |c REV 
999 0 |a International law